Online
Catalog

La ideologia como forma de la actividad espiritual de la sociedad / (Record no. 25446)

MARC details
000 -CABECERA
campo de control de longitud fija 00726nam a2200205 a 4500
001 - NÚMERO DE CONTROL
campo de control 000025954
005 - FECHA Y HORA DE LA ÚLTIMA TRANSACCIÓN
campo de control 20240509120303.0
008 - DATOS DE LONGITUD FIJA--INFORMACIÓN GENERAL
campo de control de longitud fija 110217s1967 mx r 000 | spa d
040 ## - FUENTE DE LA CATALOGACIÓN
Centro catalogador/agencia de origen DO-SdBNP
Lengua de catalogación spa
Centro/agencia transcriptor BNPHU
082 ## - NÚMERO DE LA CLASIFICACIÓN DECIMAL DEWEY
Número de clasificación 146.3
Número de documento/Ítem Y12i
049 ## - FONDOS LOCALES (OCLC)
Fondos de biblioteca BNGR
100 1# - ENTRADA PRINCIPAL--NOMBRE DE PERSONA
Nombre de persona Yadov, Vladimir Aleksandrovich,
9 (RLIN) 52829
245 13 - MENCIÓN DE TÍTULO
Título La ideologia como forma de la actividad espiritual de la sociedad /
Mención de responsabilidad, etc. V. A. Yadov; traducción Adolfo Sánchez Vázquez.
260 ## - PUBLICACIÓN, DISTRIBUCIÓN, ETC.
Lugar de publicación, distribución, etc. México, D. F. :
Nombre del editor, distribuidor, etc. Fondo de Cultura Popular,
Fecha de publicación, distribución, etc. 1967.
300 ## - DESCRIPCIÓN FÍSICA
Extensión 178 p. ;
Dimensiones 20 cm.
500 ## - NOTA GENERAL
Nota general Incluye referencia bliograficas al pie de páginas
650 #4 - PUNTO DE ACCESO ADICIONAL DE MATERIA--TÉRMINO DE MATERIA
Término de materia o nombre geográfico como elemento de entrada Materialismo
9 (RLIN) 45622
650 #0 - PUNTO DE ACCESO ADICIONAL DE MATERIA--TÉRMINO DE MATERIA
Término de materia o nombre geográfico como elemento de entrada Ideología
9 (RLIN) 9534
700 1# - PUNTO DE ACCESO ADICIONAL--NOMBRE DE PERSONA
Nombre de persona Sánchez Vázquez, Adolfo,
Término indicativo de función/relación tr.
9 (RLIN) 5417
Holdings
Estado de retiro Estado de pérdida Restricciones de uso No para préstamo Código de colección Localización permanente Ubicación/localización actual Ubicación en estantería Fecha de adquisición Número de inventario Total de préstamos Signatura topográfica completa Código de barras Fecha visto por última vez Precio válido a partir de Tipo de ítem Koha
      Excluido de préstamo Monografías: Libros y Folletos General General En catalogación 24.02.2011 LF1   146.3 Y12i 25954-10 25.06.2020 25.06.2020 No se presta

Powered by Koha